| 000 | 01040 a2200301 4500 | ||
|---|---|---|---|
| 001 | 75618 | ||
| 999 |
_c75618 _d23613 |
||
| 003 | TR-AnTOB | ||
| 005 | 20241125105226.0 | ||
| 008 | 090710s1996 tu tur | ||
| 020 | _a9757628700 | ||
| 041 | _atur | ||
| 050 |
_aHG2481 _b.A47 1996 |
||
| 090 | _aHG2481 .A47 1996 | ||
| 100 |
_aAltunbaş, Yener _957157 |
||
| 245 | 0 |
_aAvrupa Birliği sürecinde Türk ve Avrupa bankacılık sistemlerinin karşılaştırılması / _cYener Altunbaş, Ayhan Sarısu. |
|
| 264 | 1 |
_aİstanbul [Ankara] : _bTürkiye Bankalar Birliği., _c1996 |
|
| 300 |
_a83 s. ; _c19 cm. |
||
| 490 | 0 | _aYayın no; 200 | |
| 500 | _aKaynakça: s. 81-83. | ||
| 650 |
_aBanks and banking _zTurkey _xHistory _916679 |
||
| 650 | 0 |
_aBanks and banking _zEuropean Economic Community countries _957158 |
|
| 650 | 7 |
_aBankalar ve bankacılık _zAvrupa Ekonomik Topluluğu Ülkeleri _2etuturkob _934517 |
|
| 650 | 0 |
_aBankalar ve bankacılık _zTürkiye _yTürkiye _xTürkiye _99766 |
|
| 902 | _a0030114 | ||
| 903 | _aMerkez Kütüphane | ||
| 945 | _aSC,C.Ş | ||
| 942 | _cBK | ||